Collaborative process improvement : with examples from the software world

Gorde:
Xehetasun bibliografikoak
Egile nagusia:  Yeakley, Celeste Labrunda
Formatua: Sách
Hizkuntza:Undetermined
Argitaratua:  Wiley-Interscience  2007
Gaiak:
Etiketak: Etiketa erantsi
Etiketarik gabe, Izan zaitez lehena erregistro honi etiketa jartzen!
Thư viện lưu trữ: Trung tâm Thư viện - Trường Đại học Công nghiệp TP. Hồ Chí Minh
LEADER 00552nam a2200157Ia 4500
001 UIH_07589
008 231011s9999 xx 000 0 und d
082 |a  658.403 
100 |a  Yeakley, Celeste Labrunda 
245 0 |a  Collaborative process improvement : with examples from the software world 
245 0 |c  Yeakley, Celeste Labrunda 
260 |b  Wiley-Interscience 
260 |c  2007 
650 |a  Phần mềm máy tính;  
927 |a Sách 
980 |a Trung tâm Thư viện - Trường Đại học Công nghiệp TP. Hồ Chí Minh